Situación del trabajador enfermo frente al débito laboral : Análisis jurisprudencial /
Guardado en:
| Autor Principal: | |
|---|---|
| Otros Autores: | |
| Formato: | Libro |
| Idioma: | Spanish |
| Publicado: |
Santa Fe :
Rubinzal Culzoni,
2015.
|
| Edición: | 1a. ed. |
| Materias: | |
| Etiquetas: |
Agregar Etiqueta
Sin Etiquetas, Sea el primero en etiquetar este registro!
|
| LEADER | 00597nam a22001695a 4500 | ||
|---|---|---|---|
| 001 | DER.der014265 | ||
| 008 | 191018s2015####ag#||||||||||||||#||spa|| | ||
| 005 | 20251016152709.0 | ||
| 245 | 1 | 0 | |a Situación del trabajador enfermo frente al débito laboral : |b Análisis jurisprudencial / |c Daniela Favier ; Con prólogo de Rodolfo Capón Filas. |
| 250 | |a 1a. ed. | ||
| 260 | |a Santa Fe : |b Rubinzal Culzoni, |c 2015. | ||
| 300 | |a 436 p. | ||
| 020 | |a 9789873005558 | ||
| 100 | 1 | |a Favier, Daniela. | |
| 700 | 1 | |a Capón Filas, Rodolfo, |e prol. | |
| 653 | |a DERECHO LABORAL | ||
| 859 | |a DERECHO |b BIB. DERECHO |h 344.01 |i FAV |p 009524 | ||
